<?xml version="1.0" encoding="UTF-8"?>
<record
    xmlns:xsi="http://www.w3.org/2001/XMLSchema-instance"
    xsi:schemaLocation="http://www.loc.gov/MARC21/slim http://www.loc.gov/standards/marcxml/schema/MARC21slim.xsd"
    xmlns="http://www.loc.gov/MARC21/slim">

  <leader>00700nam a2200157Ia 4500</leader>
  <controlfield tag="003">LK-CoDNM</controlfield>
  <controlfield tag="008">010623t1986    xxu||||| |||| 00| 1 sin d</controlfield>
  <datafield tag="040" ind1=" " ind2=" ">
    <subfield code="a">LK-CoDNM</subfield>
    <subfield code="d">LK-CoDNM</subfield>
    <subfield code="e">LK-CoDNM</subfield>
  </datafield>
  <datafield tag="041" ind1=" " ind2=" ">
    <subfield code="a">sin</subfield>
  </datafield>
  <datafield tag="080" ind1=" " ind2=" ">
    <subfield code="a">32</subfield>
    <subfield code="b">MIH</subfield>
  </datafield>
  <datafield tag="245" ind1=" " ind2=" ">
    <subfield code="a">&#xDC3;&#xDDD;&#xDC0;&#xDD2;&#xDBA;&#xDA7;&#xDD2; &#xDC3;&#xD82;&#xD9C;&#xDB8;&#xDBA;&#xDDA; &#xD9A;&#xDDC;&#xDB8;&#xDD2;&#xDBA;&#xDD4;&#xDB1;&#xDD2;&#xDC3;&#xDCA;&#xDA7;&#xDD2; &#xDB4;&#xD9A;&#xDCA;&#x200D;&#xDC2;&#xDBA;&#xDDA; &#xDB8;&#xDB0;&#xDCA;&#x200D;&#xDBA;&#xDB8; &#xD9A;&#xDCF;&#xDBB;&#xD9A; &#xDC3;&#xDB7;&#xDCF;&#xDC0;&#xDDA; &#xDB4;&#xDCA;&#x200D;&#xDBB;&#xDB0;&#xDCF;&#xDB1; &#xDBD;&#xDDA;&#xD9A;&#xDB8;&#xDD2; &#xDB8;&#xDD2;&#xDC4;&#xDCF;&#xDBA;&#xDCA;&#xDBD;&#xDCA; &#xD9C;&#xDDC;&#xDBB;&#xDCA;&#xDB6;&#xDA0;&#xDDC;&#xDC0;&#xDCA;&#xD9C;&#xDDA; &#xDB4;&#xDCA;&#x200D;&#xDBB;&#x200D;&#xD9A;&#xDCF;&#xDC1;&#xDBA;</subfield>
  </datafield>
  <datafield tag="246" ind1=" " ind2=" ">
    <subfield code="a">Soviyqt Sangamaye Communest Pakshaye Madyama Karaka Sabawe Pradana Lekum Mihiel Gorbchow Ge Prakashaya</subfield>
  </datafield>
  <datafield tag="260" ind1=" " ind2=" ">
    <subfield code="b"></subfield>
    <subfield code="c">1986</subfield>
  </datafield>
  <datafield tag="300" ind1=" " ind2=" ">
    <subfield code="b">15p.;19 cm cm</subfield>
  </datafield>
  <datafield tag="942" ind1=" " ind2=" ">
    <subfield code="c">BK</subfield>
  </datafield>
  <datafield tag="952" ind1=" " ind2=" ">
    <subfield code="0">0</subfield>
    <subfield code="1">0</subfield>
    <subfield code="4">0</subfield>
    <subfield code="7">0</subfield>
    <subfield code="8">MONO</subfield>
    <subfield code="a">MAIN</subfield>
    <subfield code="b">MAIN</subfield>
    <subfield code="d">2023-08-02</subfield>
    <subfield code="l">0</subfield>
    <subfield code="o">32 MIH</subfield>
    <subfield code="p">P16083</subfield>
    <subfield code="r">2023-08-02</subfield>
    <subfield code="w">2023-08-02</subfield>
    <subfield code="y">BK</subfield>
  </datafield>
  <datafield tag="999" ind1=" " ind2=" ">
    <subfield code="c">113484</subfield>
    <subfield code="d">113484</subfield>
  </datafield>
</record>
